Bodas de Oro (1932-1982) de los Catedráticos de Derecho Procesal, Leonardo Prieto-Castro y Ferrandiz y Nieto Alcalá-Zamora y Castillo. (Record no. 33946)
[ view plain ]
| 000 -LEADER | |
|---|---|
| campo de control de longitud fija | 00567nam a2200157 i 4500 |
| 001 - NÚMERO DE CONTROL | |
| campo de control | 33946 |
| 003 - IDENTIFICADOR DE NÚMERO DE CONTROL | |
| campo de control | ES-MaACL |
| 005 - FECHA Y HORA DE LA ÚLTIMA TRANSACCIÓN | |
| campo de control | 20230906154840.0 |
| 007 - CAMPO FIJO DE DESCRIPCIÓN FÍSICA--INFORMACIÓN GENERAL | |
| campo de control de longitud fija | t| |
| 008 - DATOS DE LONGITUD FIJA--INFORMACIÓN GENERAL | |
| campo de control de longitud fija | 030203s1983 sp ||||1| spa d |
| 245 00 - MENCIÓN DEL TÍTULO | |
| Título | Bodas de Oro (1932-1982) de los Catedráticos de Derecho Procesal, Leonardo Prieto-Castro y Ferrandiz y Nieto Alcalá-Zamora y Castillo. |
| 260 ## - PUBLICACIÓN, DISTRIBUCIÓN, ETC. | |
| Lugar de publicación, distribución, etc. | [Madrid : |
| Nombre del editor, distribuidor, etc. | s.n.], |
| Fecha de publicación, distribución, etc. | 1983. |
| 300 ## - DESCRIPCIÓN FÍSICA | |
| Extensión | 6 h. ; |
| Dimensiones | 24 cm. |
| 500 ## - NOTA GENERAL | |
| Nota general | Es separata de: Revista de derecho procesal iberoamericana, 1983, nº 1, p. 199-227. |
| 852 ## - LOCALIZACIÓN | |
| Ubicación | ES-MaACL |
| Número de control de estantería | 2142-F-21 |
| Sublocalización o colección | R.114692 |
| Estatus retirado | Estado de pérdida | Estado de daño | No para préstamo | Colección | Biblioteca de origen | Biblioteca actual | Ubicación en estantería | Fecha de adquisición | Fuente de adquisición | Total de préstamos | Signatura topográfica completa | Código de barras | Visto por última vez | Precio de reemplazo | Tipo de ítem Koha |
|---|---|---|---|---|---|---|---|---|---|---|---|---|---|---|---|
| Colección de folletos | Biblioteca del Ateneo de Madrid | Biblioteca del Ateneo de Madrid | Depósito folletos | 17/01/2008 | 2142-F-21 | 1035373 | 23/02/2023 | 23/02/2023 | Folleto |
